Устойчивое развитие (теоретико-методологический анализ); Экономика и математические методы; Т. 39, вып. 2

Dettagli Bibliografici
Parent link:Экономика и математические методы/ Российская академия наук (РАН), Центральный экономико-математический институт (ЦЭМИ).— , 1965-.— 0424-7388
Т. 39, вып. 2.— 2003.— С. 123-135
Autore principale: Данилов-Данильян В. И.
Lingua:russo
Pubblicazione: 2003
Soggetti:
Natura: Capitolo di libro
KOHA link:https://koha.lib.tpu.ru/cgi-bin/koha/opac-detail.pl?biblionumber=456294

MARC

LEADER 00000naa2a2200000 4500
001 456294
005 20231101084553.0
035 |a (RuTPU)RU\TPU\prd\119505 
035 |a RU\TPU\prd\14705 
090 |a 456294 
100 |a 20110913a2003 k y0rusy50 ca 
101 0 |a rus 
102 |a RU 
200 1 |a Устойчивое развитие (теоретико-методологический анализ)  |f В. И. Данилов-Данильян 
320 |a Библиогр.: 14 назв. 
461 1 |0 (RuTPU)RU\TPU\prd\441  |x 0424-7388  |t Экономика и математические методы  |f Российская академия наук (РАН), Центральный экономико-математический институт (ЦЭМИ)  |d 1965- 
463 1 |0 (RuTPU)RU\TPU\prd\119496  |t Т. 39, вып. 2  |v С. 123-135  |d 2003 
610 1 |a устойчивое развитие 
610 1 |a анализ 
610 1 |a устойчивость 
700 1 |a Данилов-Данильян  |b В. И. 
801 1 |a RU  |b 63413507  |c 20030603  |g PSBO 
801 2 |a RU  |b 63413507  |c 20110913  |g RCR 
942 |c BK